000 00612nam a22002177a 4500
003 UA-OsUOA
001 77441
007 ta
008 20110913b un ||||| |||| 00| 0 ukr d
100 _aУманців Ю.
090 _a330(477)
_bУ52
942 _cSA
040 _aUA-OsUOA
_bukr
_cUA-OsUOA
_dUA-OsUOA
245 _aЗлиття та поглинання компаній у контексті фінансово-економічної кризи
300 _aС.48-56
955 _a0
041 _aukr
080 _a330(477)
773 0 _w77435
650 7 _a330 Економіка взагалі
_2UDC
999 _c363745
_d363745